Monitor polonijny miesiecznik spoleczno-kulturalny Polaków w Republice slowackiej
| Ďalší autori: | , , |
|---|---|
| Médium: | Časopis |
| Jazyk: | poľština slovenčina |
| Fyzický popis: | zv. 21-30 cm Má online vydanie |
| Vydavateľské údaje: |
Bratislava
Poľský klub
1995-
|
| ISSN: | 1336-104X |
| Predmet: | |
| On-line prístup: | Archív r. 1996- |
MARC
| LEADER | 00000cas a2200000 a 4500 | ||
|---|---|---|---|
| 001 | vtls008419739 | ||
| 003 | SK-MaSNL | ||
| 005 | 20260413154627.0 | ||
| 008 | 051220c19959999xo mr p 0 b0pol | ||
| 022 | |a 1336-104X | ||
| 035 | |a (SVKBB03)vtls000047691 | ||
| 040 | |a SVKPO |b slo |c SVKPO |d SAVUK |d SNK |e AACR2 | ||
| 041 | 0 | |a pol |a slo | |
| 044 | |a xo |c SK | ||
| 072 | 7 | |a 323 |x Vnútropolitický vývoj, politický život |2 konspekt | |
| 072 | 7 | |a 316.3 |x Globálne spoločnosti. Sociálna štruktúra. Sociálne skupiny |2 konspekt | |
| 080 | |a 008 |2 2011 | ||
| 080 | |a 061.2 |2 2011 | ||
| 080 | |a 323.1 |2 2011 | ||
| 080 | |a 070.48 |2 2011 | ||
| 080 | |a 316.3 (=162.1) |2 2011 | ||
| 080 | |a (437.6) |2 2011 | ||
| 080 | |a 323.15(051) |2 2011 | ||
| 210 | 0 | |a Monit. pol. | |
| 222 | 0 | |a Monitor polonijny | |
| 245 | 0 | 0 | |a Monitor polonijny |b miesiecznik spoleczno-kulturalny Polaków w Republice slowackiej |
| 260 | |a Bratislava |b Poľský klub |c 1995- | ||
| 300 | |a zv. |c 21-30 cm | ||
| 310 | |a 1x mesačne | ||
| 362 | 0 | |a Č. 0 (1995) ; Rocz. 1, nr 1 (1996)- | |
| 500 | |a Od roč. 12 (2004) formát zv. 21 cm ; do r. 2003 formát zv. 23 cm | ||
| 500 | |a Šéfredaktor: 1995-1996, Danuta Meyza-Marušiaková ; 1997-2002, Joana Nowak- Matloňová ; 2003-, Malgorzata Wojcieszyňska | ||
| 500 | |a Registračné č.: 1193/95 ; EV 542/08 | ||
| 515 | |a Niektoré čísla vychádzajú ako dvojčíslo | ||
| 530 | |a Má online vydanie | ||
| 650 | 0 | 7 | |a národnostné menšiny |2 SNKPH |9 2669 |
| 650 | 0 | 7 | |a kultúra |2 SNKPH |9 886 |
| 650 | 0 | 7 | |a Poliaci |2 SNKPH |9 24819 |
| 651 | 0 | 7 | |a Slovensko |2 SNKPHgeo |9 14231 |
| 655 | 7 | |a časopisy národnostných menšín |2 SNKPH |9 125411 | |
| 700 | 1 | |a Nowak-Matloňová, Joanna |4 pbd |9 267710 | |
| 700 | 1 | |a Meyza-Marušiaková, Danuta |4 pbd |9 267711 | |
| 700 | 1 | |a Wojcieszyńska, Małgorzata |4 pbd |9 267712 | |
| 850 | |a Štátna vedecká knižnica v Prešove | ||
| 852 | |a Štátna vedecká knižnica v Banskej Bystrici | ||
| 856 | 4 | 1 | |u http://www.polonia.sk/ |z Archív r. 1996- |
| 910 | |a savuk | ||
| 910 | |a snk | ||
| 916 | |a 1995-2013, 2014-2018, 2019 | ||
| 999 | |c 4028 |d 5958 | ||
| 952 | |t č. 1-12 |a SNK |b SNK |y PREZ |7 0 |p 17A1522686 |o snkČSB 5892/25/2020 D1 |i snk2024/3160 |8 0 |0 0 |1 0 |4 0 |d 2024-02-23 |l 0 |r 2026-02-21 19:52:45 |w 2026-02-21 | ||
| 952 | |t č. 1-12 |a SNK |b SNK |y PREZ |7 0 |p 17A1522687 |o snkČSB 5892/27/2022 |i snk2024/3161 |8 0 |0 0 |1 0 |4 0 |d 2024-02-23 |l 0 |r 2026-02-21 19:52:45 |w 2026-02-21 | ||
| 952 | |t č. 1-12 + špec. č. |a SNK |b SNK |y PREZ |7 0 |p 17A1522688 |o snkČSB 5892/28/2023 |i snk2024/3164 |8 0 |0 0 |1 0 |4 0 |d 2024-02-23 |l 0 |r 2026-02-21 19:52:45 |w 2026-02-21 | ||
| 952 | |t č. 1-12 + špec. č. |a SNK |b SNK |y PREZ |7 0 |p 17A1461164 |o snkČSB 5892/23/2018 D1 |i snk2021/16222 |8 0 |z Špec. číslo vydané pri príležitosti 100. výročia nezávislého Poľska |0 0 |1 0 |4 0 |d 2021-10-21 |l 0 |r 2026-02-21 19:53:27 |w 2026-02-21 | ||
| 952 | |t č. 1-12 |a SNK |b SNK |y PREZ |7 0 |p 17A1461165 |o snkČSB 5892/24/2019 D1 |i snk2021/16223 |8 0 |0 0 |1 0 |4 0 |d 2021-10-21 |l 0 |r 2026-02-21 19:53:27 |w 2026-02-21 | ||
| 952 | |t č. 1-12 |a SNK |b SNK |y PREZ |7 0 |p 17A1088297 |o snkČSB 5892/15/2010 |i snk2014/13539 |8 0 |f 1 |0 0 |1 0 |4 0 |d 2014-06-11 |l 0 |r 2026-02-21 19:56:38 |w 2026-02-21 | ||
| 952 | |t č. 1-12 |a SNK |b SNK |y PREZ |7 0 |p 17A1088298 |o snkČSB 5892/15/2010 D1 |i snk2014/13540 |8 0 |0 0 |1 0 |4 0 |d 2014-06-11 |l 0 |r 2026-02-21 19:56:38 |w 2026-02-21 | ||
| 952 | |t č. 1-12 |a SNK |b SNK |y PREZ |7 0 |p 17A1465285 |o snkČSB 5892/25/2020 |i snk2023/554 |8 0 |0 0 |1 0 |4 0 |d 2023-01-13 |l 0 |r 2026-02-21 20:02:19 |w 2026-02-21 | ||
| 952 | |t č. 1-12 |a SNK |b SNK |y PREZ |7 0 |p 17A1465284 |o snkČSB 5892/26/2021 |i snk2023/568 |8 0 |0 0 |1 0 |4 0 |d 2023-01-13 |l 0 |r 2026-02-21 20:02:37 |w 2026-02-21 | ||
| 952 | |t č. 1-12 |a SNK |b SNK |y PREZ |7 0 |p 17A1557176 |o snkČSB 5892/26/2021 D1 |i snk2025/11171 |8 0 |0 0 |1 0 |4 0 |d 2025-07-14 |l 0 |r 2026-02-21 20:09:33 |w 2026-02-21 | ||
| 952 | |t č. 1-12 |a SNK |b SNK |y PREZ |7 0 |p 17A1557177 |o snkČSB 5892/27/2022 D1 |i snk2025/11178 |8 0 |0 0 |1 0 |4 0 |d 2025-07-14 |l 0 |r 2026-02-21 20:09:33 |w 2026-02-21 | ||
| 952 | |t č. 1-12 + špec. č. |a SNK |b SNK |y PREZ |7 0 |p 17A1557178 |o snkČSB 5892/28/2023 D1 |i snk2025/11179 |8 0 |0 0 |1 0 |4 0 |d 2025-07-14 |l 0 |r 2026-02-21 20:09:33 |w 2026-02-21 | ||
| 952 | |t č. 1-12, neúplné |a SNK |b SNK |y PREZ |7 0 |p 17A1088271 |o snkČSB 5892/1/1996 D1 |i snk2014/13241 |8 0 |z chýba č. 11 |0 0 |1 0 |4 0 |d 2014-06-05 |l 0 |r 2026-02-21 21:12:51 |w 2026-02-21 | ||
| 952 | |t č. 1-12, neúplné |a SNK |b SNK |y PREZ |7 0 |p 17A1088284 |o snkČSB 5892/8/2003 |i snk2014/13495 |8 0 |z chýba č. 6 |f 1 |0 0 |1 0 |4 0 |d 2014-06-10 |l 0 |r 2026-02-21 21:14:35 |w 2026-02-21 | ||
| 952 | |t č. 1-12, neúplné |a SNK |b SNK |y PREZ |7 0 |p 17A1088285 |o snkČSB 5892/8/2003 D1 |i snk2014/13496 |8 0 |z chýba č. 6, 9 |0 0 |1 0 |4 0 |d 2014-06-10 |l 0 |r 2026-02-21 21:14:35 |w 2026-02-21 | ||
| 952 | |t č. 0-té |a SNK |b SNK |y PREZ |7 0 |p 17A1088268 |o snkČSB 5892/0/1995 |i snk2014/13218 |8 0 |f 1 |0 0 |1 0 |4 0 |d 2014-06-05 |l 0 |r 2026-02-21 21:14:37 |w 2026-02-21 | ||
| 952 | |t č. 0-té |a SNK |b SNK |y PREZ |7 0 |p 17A1088269 |o snkČSB 5892/0/1995 D1 |i snk2014/13219 |8 0 |0 0 |1 0 |4 0 |d 2014-06-05 |l 0 |r 2026-02-21 21:14:37 |w 2026-02-21 | ||
| 952 | |t č. 1-12, neúplné |a SNK |b SNK |y PREZ |7 0 |p 17A1088270 |o snkČSB 5892/1/1996 |i snk2014/13240 |8 0 |z chýba č. 11 |f 1 |0 0 |1 0 |4 0 |d 2014-06-05 |l 0 |r 2026-02-21 21:14:37 |w 2026-02-21 | ||
| 952 | |t č. 1-12, neúplné |a SNK |b SNK |y PREZ |7 0 |p 17A1088272 |o snkČSB 5892/2/1997 |i snk2014/13242 |8 0 |z chýba č. 11 |f 1 |0 0 |1 0 |4 0 |d 2014-06-05 |l 0 |r 2026-02-21 21:14:37 |w 2026-02-21 | ||
| 952 | |t č. 1-12, neúplné |a SNK |b SNK |y PREZ |7 0 |p 17A1088273 |o snkČSB 5892/2/1997 D1 |i snk2014/13243 |8 0 |z chýba č. 3, 4, 11 |0 0 |1 0 |4 0 |d 2014-06-05 |l 0 |r 2026-02-21 21:14:37 |w 2026-02-21 | ||
| 952 | |t č. 1-12, neúplné |a SNK |b SNK |y NEVYP |7 3 |p 17A1088281 |o snkČSB 5892/6/2001 D1 |i snk2014/13381 |8 0 |z chýba č. 7, 8, 12 |0 0 |1 0 |4 0 |d 2014-06-09 |l 0 |r 2026-02-21 21:14:40 |w 2026-02-21 | ||
| 952 | |t č. 1-12, neúplné |a SNK |b SNK |y PREZ |7 0 |p 17A1088280 |o snkČSB 5892/6/2001 |i snk2014/13379 |8 0 |z chýba č. 7, 8 |f 1 |0 0 |1 0 |4 0 |d 2014-06-09 |l 0 |r 2026-02-21 21:14:40 |w 2026-02-21 | ||
| 952 | |t č. 1-12 |a SNK |b SNK |y PREZ |7 0 |p 17A1088282 |o snkČSB 5892/7/2002 |i snk2014/13382 |8 0 |f 1 |0 0 |1 0 |4 0 |d 2014-06-09 |l 0 |r 2026-02-21 21:14:40 |w 2026-02-21 | ||
| 952 | |t č. 1-12, neúplné |a SNK |b SNK |y PREZ |7 0 |p 17A1088283 |o snkČSB 5892/7/2002 D1 |i snk2014/13384 |8 0 |z chýba č. 2, 3 |0 0 |1 0 |4 0 |d 2014-06-09 |l 0 |r 2026-02-21 21:14:40 |w 2026-02-21 | ||
| 952 | |t č. 1-12 |a SNK |b SNK |y PREZ |7 0 |p 17A1088274 |o snkČSB 5892/3/1998 |i snk2014/13299 |8 0 |f 1 |0 0 |1 0 |4 0 |d 2014-06-06 |l 0 |r 2026-02-21 21:14:43 |w 2026-02-21 | ||
| 952 | |t č. 1-12, neúplné |a SNK |b SNK |y PREZ |7 0 |p 17A1088275 |o snkČSB 5892/3/1998 D1 |i snk2014/13300 |8 0 |z chýba č. 11, 12 |0 0 |1 0 |4 0 |d 2014-06-06 |l 0 |r 2026-02-21 21:14:43 |w 2026-02-21 | ||
| 952 | |t č. 1-12 |a SNK |b SNK |y PREZ |7 0 |p 17A1088276 |o snkČSB 5892/4/1999 |i snk2014/13301 |8 0 |f 1 |0 0 |1 0 |4 0 |d 2014-06-06 |l 0 |r 2026-02-21 21:14:43 |w 2026-02-21 | ||
| 952 | |t č. 1-12, neúplné |a SNK |b SNK |y PREZ |7 0 |p 17A1088277 |o snkČSB 5892/4/1999 D1 |i snk2014/13302 |8 0 |z chýba č. 11 |0 0 |1 0 |4 0 |d 2014-06-06 |l 0 |r 2026-02-21 21:14:43 |w 2026-02-21 | ||
| 952 | |t č. 1-12 |a SNK |b SNK |y PREZ |7 0 |p 17A1088278 |o snkČSB 5892/5/2000 |i snk2014/13303 |8 0 |f 1 |0 0 |1 0 |4 0 |d 2014-06-06 |l 0 |r 2026-02-21 21:14:43 |w 2026-02-21 | ||
| 952 | |t č. 1-12, neúplné |a SNK |b SNK |y PREZ |7 0 |p 17A1088279 |o snkČSB 5892/5/2000 D1 |i snk2014/13304 |8 0 |z chýba č. 1-6, 10 |0 0 |1 0 |4 0 |d 2014-06-06 |l 0 |r 2026-02-21 21:14:43 |w 2026-02-21 | ||
| 952 | |t č. 1-12 |a SNK |b SNK |y PREZ |7 0 |p 17A1088286 |o snkČSB 5892/9/2004 |i snk2014/13523 |8 0 |f 1 |0 0 |1 0 |4 0 |d 2014-06-11 |l 0 |r 2026-02-21 21:14:45 |w 2026-02-21 | ||
| 952 | |t č. 1-12 |a SNK |b SNK |y PREZ |7 0 |p 17A1088287 |o snkČSB 5892/10/2005 |i snk2014/13524 |8 0 |f 1 |0 0 |1 0 |4 0 |d 2014-06-11 |l 0 |r 2026-02-21 21:14:45 |w 2026-02-21 | ||
| 952 | |t č. 1-12 |a SNK |b SNK |y PREZ |7 0 |p 17A1088288 |o snkČSB 5892/10/2005 D1 |i snk2014/13525 |8 0 |0 0 |1 0 |4 0 |d 2014-06-11 |l 0 |r 2026-02-21 21:14:45 |w 2026-02-21 | ||
| 952 | |t č. 1-12, neúplné |a SNK |b SNK |y PREZ |7 0 |p 17A1088289 |o snkČSB 5892/11/2006 |i snk2014/13526 |8 0 |z chýba č. 3 |f 1 |0 0 |1 0 |4 0 |d 2014-06-11 |l 0 |r 2026-02-21 21:14:45 |w 2026-02-21 | ||
| 952 | |t č. 1-12, neúplné |a SNK |b SNK |y PREZ |7 0 |p 17A1088290 |o snkČSB 5892/11/2006 D1 |i snk2014/13527 |8 0 |z chýba č. 3 |0 0 |1 0 |4 0 |d 2014-06-11 |l 0 |r 2026-02-21 21:14:45 |w 2026-02-21 | ||
| 952 | |t č. 1-12, neúplné |a SNK |b SNK |y PREZ |7 0 |p 17A1088291 |o snkČSB 5892/12/2007 |i snk2014/13528 |8 0 |z chýba č. 10 |f 1 |0 0 |1 0 |4 0 |d 2014-06-11 |l 0 |r 2026-02-21 21:14:45 |w 2026-02-21 | ||
| 952 | |t č. 1-12, neúplné |a SNK |b SNK |y PREZ |7 0 |p 17A1088292 |o snkČSB 5892/12/2007 D1 |i snk2014/13529 |8 0 |z chýba č. 10 |0 0 |1 0 |4 0 |d 2014-06-11 |l 0 |r 2026-02-21 21:14:45 |w 2026-02-21 | ||
| 952 | |t č. 1-12, neúplné |a SNK |b SNK |y PREZ |7 0 |p 17A1088293 |o snkČSB 5892/13/2008 |i snk2014/13530 |8 0 |z chýba č. 7, 8 |f 1 |0 0 |1 0 |4 0 |d 2014-06-11 |l 0 |r 2026-02-21 21:14:45 |w 2026-02-21 | ||
| 952 | |t č. 1-12, neúplné |a SNK |b SNK |y PREZ |7 0 |p 17A1088294 |o snkČSB 5892/13/2008 D1 |i snk2014/13531 |8 0 |z chýba č. 7, 8 |0 0 |1 0 |4 0 |d 2014-06-11 |l 0 |r 2026-02-21 21:14:45 |w 2026-02-21 | ||
| 952 | |t č. 1-12, neúplné |a SNK |b SNK |y PREZ |7 0 |p 17A1088295 |o snkČSB 5892/14/2009 |i snk2014/13535 |8 0 |z chýba č. 1 |f 1 |0 0 |1 0 |4 0 |d 2014-06-11 |l 0 |r 2026-02-21 21:14:45 |w 2026-02-21 | ||
| 952 | |t č. 1-12, neúplné |a SNK |b SNK |y PREZ |7 0 |p 17A1088296 |o snkČSB 5892/14/2009 D1 |i snk2014/13537 |8 0 |z chýba č. 1 |0 0 |1 0 |4 0 |d 2014-06-11 |l 0 |r 2026-02-21 21:14:45 |w 2026-02-21 | ||
| 952 | |t č. 1-12 |a SNK |b SNK |y PREZ |7 0 |p 17A1088299 |o snkČSB 5892/16/2011 |i snk2014/13541 |8 0 |f 1 |0 0 |1 0 |4 0 |d 2014-06-11 |l 0 |r 2026-02-21 21:14:45 |w 2026-02-21 | ||
| 952 | |t č. 1-12, neúplné |a SNK |b SNK |y PREZ |7 0 |p 17A1088300 |o snkČSB 5892/16/2011 D1 |i snk2014/13543 |8 0 |z chýba č. 1 |0 0 |1 0 |4 0 |d 2014-06-11 |l 0 |r 2026-02-21 21:14:45 |w 2026-02-21 | ||
| 952 | |t č. 1-12 |a SNK |b SNK |y PREZ |7 0 |p 17A1088301 |o snkČSB 5892/17/2012 |i snk2014/13544 |8 0 |f 1 |0 0 |1 0 |4 0 |d 2014-06-11 |l 0 |r 2026-02-21 21:14:45 |w 2026-02-21 | ||
| 952 | |t č. 1-12 |a SNK |b SNK |y PREZ |7 0 |p 17A1088302 |o snkČSB 5892/17/2012 D1 |i snk2014/13545 |8 0 |0 0 |1 0 |4 0 |d 2014-06-11 |l 0 |r 2026-02-21 21:14:45 |w 2026-02-21 | ||
| 952 | |t č. 1-12 |a SNK |b SNK |y PREZ |7 0 |p 17A1088303 |o snkČSB 5892/18/2013 |i snk2014/13553 |8 0 |f 1 |0 0 |1 0 |4 0 |d 2014-06-11 |l 0 |r 2026-02-21 21:14:46 |w 2026-02-21 | ||
| 952 | |t č. 1-12 |a SNK |b SNK |y PREZ |7 0 |p 17A1088304 |o snkČSB 5892/18/2013 D1 |i snk2014/13555 |8 0 |0 0 |1 0 |4 0 |d 2014-06-11 |l 0 |r 2026-02-21 21:14:49 |w 2026-02-21 | ||
| 952 | |t č. 1-12 |a SNK |b SNK |y PREZ |7 0 |p 17A1387217 |o snkČSB 5892/24/2019 |i snk2020/7649 |8 0 |f 1 |0 0 |1 0 |4 0 |d 2020-05-15 |l 0 |r 2026-02-21 21:53:16 |w 2026-02-21 | ||
| 952 | |t č. 1-12 |a SNK |b SNK |y PREZ |7 0 |p 17A1367313 |o snkČSB 5892/19/2014 |i snk2019/13450 |8 0 |f 1 |0 0 |1 0 |4 0 |d 2019-05-15 |l 0 |r 2026-02-21 22:06:54 |w 2026-02-21 | ||
| 952 | |t č. 1-12, neúplné |a SNK |b SNK |y PREZ |7 0 |p 17A1367314 |o snkČSB 5892/20/2015 |i snk2019/13451 |8 0 |z Chýba č. 9 |f 1 |0 0 |1 0 |4 0 |d 2019-05-15 |l 0 |r 2026-02-21 22:06:54 |w 2026-02-21 | ||
| 952 | |t č. 1-12 |a SNK |b SNK |y PREZ |7 0 |p 17A1367315 |o snkČSB 5892/21/2016 |i snk2019/13452 |8 0 |f 1 |0 0 |1 0 |4 0 |d 2019-05-15 |l 0 |r 2026-02-21 22:06:54 |w 2026-02-21 | ||
| 952 | |t č. 1-12 |a SNK |b SNK |y PREZ |7 0 |p 17A1367316 |o snkČSB 5892/22/2017 |i snk2019/13453 |8 0 |f 1 |0 0 |1 0 |4 0 |d 2019-05-15 |l 0 |r 2026-02-21 22:06:55 |w 2026-02-21 | ||
| 952 | |t č. 1-12 + špec. číslo |a SNK |b SNK |y PREZ |7 0 |p 17A1367317 |o snkČSB 5892/23/2018 |i snk2019/13504 |8 0 |z Špec. číslo vydané pri príležitosti 100. výročia nezávislého Poľska |f 1 |0 0 |1 0 |4 0 |d 2019-05-16 |l 0 |r 2026-02-21 22:07:00 |w 2026-02-21 | ||
| 952 | |t č. 1-12 |a SNK |b SNK |y PREZ |7 0 |p 17A1367318 |o snkČSB 5892/19/2014 D1 |i snk2019/13505 |8 0 |0 0 |1 0 |4 0 |d 2019-05-16 |l 0 |r 2026-02-21 22:07:00 |w 2026-02-21 | ||
| 952 | |t č. 1-12, neúplné |a SNK |b SNK |y PREZ |7 0 |p 17A1367319 |o snkČSB 5892/20/2015 D1 |i snk2019/13507 |8 0 |z Chýba č. 9 |0 0 |1 0 |4 0 |d 2019-05-16 |l 0 |r 2026-02-21 22:07:05 |w 2026-02-21 | ||
| 952 | |t č. 1-12 |a SNK |b SNK |y PREZ |7 0 |p 17A1367320 |o snkČSB 5892/21/2016 D1 |i snk2019/13508 |8 0 |0 0 |1 0 |4 0 |d 2019-05-16 |l 0 |r 2026-02-21 22:07:15 |w 2026-02-21 | ||
| 952 | |t č. 1-12, neúplné |a SNK |b SNK |y PREZ |7 0 |p 17A1367321 |o snkČSB 5892/22/2017 D1 |i snk2019/13509 |8 0 |z Chýba č. 1-3, 7-12 |0 0 |1 0 |4 0 |d 2019-05-16 |l 0 |r 2026-02-21 22:07:15 |w 2026-02-21 | ||


